[Event "Barranquilla Region-ch"]
[Site "Barranquilla"]
[Date "2020.01.05"]
[Round "3"]
[White "Torres Rodriguez, Carlos Enrique"]
[Black "Rebolledo Gomez, Ronald"]
[Result "0-1"]
[WhiteElo "1103"]
[BlackElo "1649"]
[PlyCount "50"]
[EventDate "2020.01.04"]
[EventType "swiss"]
[EventRounds "6"]
[EventCountry "COL"]
[SourceTitle "CBM 194 Extra"]
[Source "ChessBase"]
[SourceDate "2020.03.31"]
[SourceVersion "1"]
[SourceVersionDate "2020.03.31"]
[SourceQuality "1"]

1. e4 c5 2. Nf3 g6 3. d4 cxd4 4. Nxd4 Bg7 5. c4 Nc6 6. Be3 Nf6 7. Nc3 Ng4 8. Qxg4 Nxd4 9. 0-0-0 e5 10. Bxd4 exd4 11. Nb5 Qb6 12. e5 0-0 13. Qe4 a6 14. Nxd4 d6 15. exd6 Bf5 16. Qe3 Rad8 17. Nc2 Qxe3+ 18. fxe3 Bh6 19. Rd5 Bxe3+ 20. Kd1 Rfe8 21. Be2 Be4 22. d7 Re7 23. Rd6 Bxg2 24. Re1 Bf2 25. c5 Rexd7 0-1

[Event "Barranquilla Region-ch"]
[Site "Barranquilla"]
[Date "2020.01.04"]
[Round "2"]
[White "Balza Gil, Salvatore"]
[Black "Torres Rodriguez, Carlos Enrique"]
[Result "0-1"]
[WhiteElo "1358"]
[BlackElo "1103"]
[PlyCount "27"]
[EventDate "2020.01.04"]
[EventType "swiss"]
[EventRounds "6"]
[EventCountry "COL"]
[SourceTitle "CBM 194 Extra"]
[Source "ChessBase"]
[SourceDate "2020.03.31"]
[SourceVersion "1"]
[SourceVersionDate "2020.03.31"]
[SourceQuality "1"]

1. e4 e5 2. Nf3 Nc6 3. Bc4 Nf6 4. d3 Be7 5. Be3 0-0 6. Nc3 d6 7. Qd2 Na5 8. Nd5 Nxc4 9. dxc4 c6 10. Nxf6+ Bxf6 11. 0-0 Be6 12. b3 d5 13. exd5 e4 14. dxe6 0-1

[Event "COL-ch U10"]
[Site "Fusagasuga"]
[Date "2019.06.27"]
[Round "2"]
[White "Torres Rodriguez, Carlos Enrique"]
[Black "Lopez, Ricardo Andres"]
[Result "1-0"]
[WhiteElo "1077"]
[BlackElo "1421"]
[PlyCount "75"]
[EventDate "2019.06.26"]
[EventType "tourn"]
[EventRounds "9"]
[EventCountry "COL"]
[SourceTitle "CBM 191 Extra"]
[Source "ChessBase"]
[SourceDate "2019.09.30"]
[SourceVersion "1"]
[SourceVersionDate "2019.09.30"]
[SourceQuality "1"]

1. e4 c5 2. Nf3 d6 3. d4 cxd4 4. Nxd4 Nf6 5. Nc3 a6 6. Be3 e5 7. Nb3 Be7 8. Nd5 Nxe4 9. Bb6 Bh4 10. g3 Qg5 11. gxh4 Qxh4 12. Nc7+ Ke7 13. Nxa8 Nxf2 14. Bxf2 Qe4+ 15. Qe2 Qxh1 16. 0-0-0 Qxh2 17. Rxd6 Bg4 18. Qd2 Qf4 19. Qxf4 exf4 20. Bc5 Be6 21. Rd4+ Kf6 22. Nc7 Bxb3 23. axb3 Rc8 24. Rxf4+ Ke5 25. Rxf7 g5 26. Bh3 Rg8 27. Be6 g4 28. Rf5+ Ke4 29. Bxg8 Kxf5 30. Bxh7+ Kf4 31. Kd2 Kf3 32. Ke1 g3 33. Bg8 Nd7 34. Bd5+ Kf4 35. Bd6+ Ke3 36. Bxg3 Kd4 37. Bxb7 a5 38. Ne6+ 1-0

[Event "COL-ch U10"]
[Site "Fusagasuga"]
[Date "2019.06.26"]
[Round "1"]
[White "Borre Meza, Orlando David"]
[Black "Torres Rodriguez, Carlos Enrique"]
[Result "0-1"]
[WhiteElo "1058"]
[BlackElo "1077"]
[PlyCount "142"]
[EventDate "2019.06.26"]
[EventType "tourn"]
[EventRounds "9"]
[EventCountry "COL"]
[SourceTitle "CBM 191 Extra"]
[Source "ChessBase"]
[SourceDate "2019.09.30"]
[SourceVersion "1"]
[SourceVersionDate "2019.09.30"]
[SourceQuality "1"]

1. d4 d5 2. Nf3 e6 3. e3 Nf6 4. Bd3 Be7 5. 0-0 0-0 6. b3 Nbd7 7. Bb2 b6 8. Nbd2 Bb7 9. c4 c5 10. Ne5 h6 11. f4 Ne4 12. Qc2 Ndf6 13. Rf3 Nxd2 14. Qxd2 dxc4 15. Rg3 cxd3 16. Qxd3 Ne4 17. Rh3 cxd4 18. Bxd4 Bc5 19. Rd1 Bxd4 20. exd4 Qd5 21. Qf3 Nc3 22. Qxd5 Nxd5 23. Rh4 Ne3 24. Rd2 Nf5 25. Rh3 Rfd8 26. Rc3 Rxd4 27. Rxd4 Nxd4 28. Rc7 Bd5 29. Rxf7 Nc6 30. Rc7 Nxe5 31. fxe5 a5 32. Rc2 Rf8 33. h3 Rf5 34. Re2 Kf7 35. g4 Rf4 36. Rf2 Rxf2 37. Kxf2 Ke7 38. h4 a4 39. bxa4 Bxa2 40. Ke3 Bb3 41. Kd4 Bxa4 42. Kc4 b5+ 43. Kc3 Kd7 44. g5 hxg5 45. hxg5 Kc6 46. Kb4 Kd5 47. Kc3 Kxe5 48. Kb4 Kf4 49. Kc3 e5 50. g6 e4 51. Kd2 Kf3 52. Ke1 e3 53. Kf1 e2+ 54. Ke1 Bd1 55. Kd2 Kf2 56. Kd3 e1Q 57. Kd4 Qe3+ 58. Kd5 Bb3+ 59. Kd6 Qe6+ 60. Kc5 Qd5+ 61. Kb4 Qc4+ 62. Ka5 b4 63. Kb6 Bc2 64. Ka5 Bd3 65. Ka4 b3+ 66. Ka3 Qc2 67. Kb4 b2 68. Ka3 Qc3+ 69. Ka4 Bc2+ 70. Kb5 b1R+ 71. Ka6 Qa1# 0-1